000 00445nam a2200157 4500
008 s2003 fr fre u
040 _aLB-BrCRDP
082 1 _aC3 (cp)
_bDem
100 1 _aDémarest, Marc
245 1 0 _aCahier d'activités 3 CP(cycle2)
_cMarc Démarest
260 _aParis
_bHatier
_c2003
490 0 _aSaperli popette
630 4 _améthode de lecture CP
942 _cBK
999 _c7477
_d7477